Suki Waterhouse - Slip lyrics - Statistics

General Stats
  • This quiz has been taken 2 times
  • The average score is 163 of 167
Answer Stats
Hint Answer % Correct
a
100%
About
100%
ago
100%
alone
100%
always
100%
And
100%
baby
100%
be
100%
broken
100%
But
100%
'Cause
100%
cigarettes
100%
city,
100%
crying
100%
devil
100%
did
100%
do
100%
doesn't
100%
dog
100%
don't
100%
dreamed
100%
dreams
100%
eat
100%
enough
100%
everyone
100%
feel
100%
ghost
100%
give
100%
happens,
100%
have
100%
heart
100%
here
100%
How
100%
Verse 1 I
100%
I'm
100%
into
100%
is
100%
it
100%
Bridge It
100%
just
100%
kicked
100%
know
100%
like
100%
Like
100%
lost
100%
love
100%
loved
100%
many
100%
met
100%
mind
100%
much
100%
my
100%
Verse 2 My
100%
nature
100%
never
100%
of
100%
out
100%
party
100%
say
100%
season
100%
sees
100%
skipped
100%
Chorus Slipped
100%
slipped
100%
so
100%
stop
100%
that
100%
the
100%
there
100%
things
100%
to
100%
To
100%
told
100%
Until
100%
way
100%
wonder
100%
won't
100%
you
100%
You'll
100%
old,
50%
something
50%
has
0%
sold
0%
Those
0%
No matching quizzes found
Score Distribution
Percent of People with Each Score
Percentile by Number Answered
Your Score History
You have not taken this quiz